Теория спиноров и ее применение в физике и механике

Bibliografske podrobnosti
Glavni avtor: Желнорович В. А. Владимир Аркадьевич
Jezik:ruščina
Izdano: Москва, Наука, 1982
Teme:
Format: MixedMaterials Knjiga
KOHA link:https://koha.lib.tpu.ru/cgi-bin/koha/opac-detail.pl?biblionumber=202511

MARC

LEADER 00000nam0a2200000 4500
001 202511
005 20231031185405.0
020 |a RU  |b 82-70219 
035 |a (RuTPU)RU\TPU\book\220673 
090 |a 202511 
100 |a 20111014d1982 k y0rusy5003 ca 
101 0 |a rus 
102 |a RU 
105 |a y z 001zy 
200 1 |a Теория спиноров и ее применение в физике и механике  |f В. А. Желнорович 
210 |a Москва  |c Наука  |d 1982 
215 |a 271 с. 
320 |a Библиогр.: с. 268-270. 
610 1 |a физика 
610 1 |a механика 
610 1 |a применение 
610 1 |a спиноры 
610 1 |a теория 
610 1 |a представления групп 
610 1 |a пространства 
610 1 |a тензоры 
675 |a 53:51  |z rus 
700 1 |a Желнорович  |b В. А.  |g Владимир Аркадьевич 
801 0 |a RU  |b RuMRKP  |c 19950704  |g psbo 
801 1 |a RU  |b 63413507  |c 20111014 
801 2 |a RU  |b 63413507  |c 20171218  |g RCR 
942 |c BK